00238nam a2200097 4500020001800000082001400018100002200032245003900054260003900093300000800132 a9780471042051 a519.5 JOH aRichard A.Johnson aStatistical Reasoning and Methods- aNew yorkbJohn Willey & Sonsc1998 a590